00226nam a22000737a 4500100002700000245006700027260004900094300000900143 aProf. Dr. Parveen Shah aINTELLIGENCE IN SOCIAL SCIENCES & ARTScProf. Dr. Parveen Shah aKhairpurbShah Abdul Latif University c2015 a144p